Songs from the First Line(s) - 1989 - Statistics

General Stats
  • This quiz has been taken 122 times
  • The average score is 11 of 30
Answer Stats
Hint Answer % Correct
Songs Harry Truman, Doris Day, Red China, Johnnie Ray / South Pacific, Walter Winchell, Joe DiMaggio Song We Didn't Start The Fire
88%
Songs Harry Truman, Doris Day, Red China, Johnnie Ray / South Pacific, Walter Winchell, Joe DiMaggio Artist(s) Billy Joel
87%
Songs Life is a mystery / Everyone must stand alone / I hear you call my name / And it feels like home / When you call my name Artist(s) Madonna
79%
Songs If I could turn back time / If I could find a way / I'd take back those words that've hurt you / And you'd stay Artist(s) Cher
77%
Songs If I could turn back time / If I could find a way / I'd take back those words that've hurt you / And you'd stay Song If I Could Turn Back Time
77%
Songs Life is a mystery / Everyone must stand alone / I hear you call my name / And it feels like home / When you call my name Song Like A Prayer
76%
Songs Pump up the jam / Pump it up / While your feet are stomping / And the jam is pumping / Look ahead, the crowd is jumpin' Song Pump Up The Jam
68%
Songs Close your eyes, give me your hand, darlin' / Do you feel my heart beating / Do you understand / Do you feel the same Song Eternal Flame
59%
Songs Close your eyes, give me your hand, darlin' / Do you feel my heart beating / Do you understand / Do you feel the same Artist(s) The Bangles
51%
Songs She calls out to the man on the street / "Sir, can you help me? / It's cold and I've nowhere to sleep Artist(s) Phil Collins
45%
Songs She calls out to the man on the street / "Sir, can you help me? / It's cold and I've nowhere to sleep Song Another Day In Paradise
41%
Songs Mississippi in the middle of a dry spell / Jimmy Rogers on the Victrola up high / Mama's dancin' with baby on her shoulder Song Black Velvet
36%
Songs Oh, oh, oh, oh, oh. / It must have been cold there in my shadow, / to never have sunlight on your face. Artist(s) Bette Midler
35%
Songs Oh, oh, oh, oh, oh. / It must have been cold there in my shadow, / to never have sunlight on your face. Song Wind Beneath My Wings
34%
Songs Mississippi in the middle of a dry spell / Jimmy Rogers on the Victrola up high / Mama's dancin' with baby on her shoulder Artist(s) Alannah Myles
32%
Songs Baby seems we never / Ever agree / You like the movies / And I like TV / I take things serious / And you take 'em light Artist(s) Paula Abdul
28%
Songs Pump up the jam / Pump it up / While your feet are stomping / And the jam is pumping / Look ahead, the crowd is jumpin' Artist(s) Technotronic
28%
Songs Baby seems we never / Ever agree / You like the movies / And I like TV / I take things serious / And you take 'em light Song Opposites Attract
26%
Songs Yeah yeah yeah yeah / Bass, bass, bass, bass / Nasty / Three / With music by our side to break the color lines Artist(s) Janet Jackson
23%
Songs I could hardly believe it, when I heard the news today / I had to come and get it straight from you Song How Am I Supposed To Live Without You
18%
Songs I could hardly believe it, when I heard the news today / I had to come and get it straight from you Artist(s) Michael Bolton
18%
Songs One, two, one, two, three, four / Shed a tear 'cause I'm missin' you, I'm still alright to smile / Girl, I think about you every day now Artist(s) Guns N' Roses
17%
Songs One, two, one, two, three, four / Shed a tear 'cause I'm missin' you, I'm still alright to smile / Girl, I think about you every day now Song Patience
14%
Songs Yeah yeah yeah yeah / Bass, bass, bass, bass / Nasty / Three / With music by our side to break the color lines Song Rhythm Nation
12%
Songs Good Lovin'... / Ow! Yeah! / I can't sleep at night, I toss and turn / Listenin' for the telephone Artist(s) Bobby Brown
9%
Songs Good Lovin'... / Ow! Yeah! / I can't sleep at night, I toss and turn / Listenin' for the telephone Song Every Little Step
9%
Songs You pack your bag. / You take control. / You're moving into my heart / and into my soul. / Get out of my way! Artist(s) Roxette
8%
Songs Last night you talked about leaving / I said I can't let you go / It's not just emotional feeling / I need you body and soul Artist(s) Jason Donovan
5%
Songs Last night you talked about leaving / I said I can't let you go / It's not just emotional feeling / I need you body and soul Song Too Many Broken Hearts
5%
Songs You pack your bag. / You take control. / You're moving into my heart / and into my soul. / Get out of my way! Song Dangerous
4%
No matching quizzes found
Score Distribution
Percent of People with Each Score
Percentile by Number Answered
Your Score History
You have not taken this quiz